Tribhuvan University Central Library

Quantum mechanics (Record no. 34782)

MARC details
000 -LEADER
fixed length control field 006820000a22002890004500
082 ## - DEWEY DECIMAL CLASSIFICATION NUMBER
Classification number 530.12
Item number Sch32a
041 ## - LANGUAGE CODE
Language code of text/sound track or separate title Eng
100 ## - MAIN ENTRY--PERSONAL NAME
Personal name Schiff, Leonard I.
245 ## - TITLE STATEMENT
Title Quantum mechanics
250 ## - EDITION STATEMENT
Edition statement 3rd edn.
260 ## - PUBLICATION, DISTRIBUTION, ETC. (IMPRINT)
Place of publication, distribution, etc London
Name of publisher, distributor, etc McGraw-Hill, Great Britain
260 ## - PUBLICATION, DISTRIBUTION, ETC. (IMPRINT)
Date of publication, distribution, etc 1968
300 ## - PHYSICAL DESCRIPTION
Extent xviii, 544p.
440 ## - SERIES STATEMENT/ADDED ENTRY--TITLE
Title International series in pure and applied physics
518 ## - DATE/TIME AND PLACE OF AN EVENT NOTE
Date/time and place of an event note 20050930
530 ## - ADDITIONAL PHYSICAL FORM AVAILABLE NOTE
Additional physical form available note M
650 ## - SUBJECT ADDED ENTRY--TOPICAL TERM
Topical term or geographic name as entry element Physics
650 ## - SUBJECT ADDED ENTRY--TOPICAL TERM
Topical term or geographic name as entry element Quantum mechanics
650 ## - SUBJECT ADDED ENTRY--TOPICAL TERM
Topical term or geographic name as entry element Quantum theory
650 ## - SUBJECT ADDED ENTRY--TOPICAL TERM
Topical term or geographic name as entry element Wave mechanics
650 ## - SUBJECT ADDED ENTRY--TOPICAL TERM
Topical term or geographic name as entry element Waves
650 ## - SUBJECT ADDED ENTRY--TOPICAL TERM
Topical term or geographic name as entry element Molecules
650 ## - SUBJECT ADDED ENTRY--TOPICAL TERM
Topical term or geographic name as entry element Atomic structure
650 ## - SUBJECT ADDED ENTRY--TOPICAL TERM
Topical term or geographic name as entry element Radiation
650 ## - SUBJECT ADDED ENTRY--TOPICAL TERM
Topical term or geographic name as entry element Particles
942 ## - ADDED ENTRY ELEMENTS (KOHA)
Koha item type General Collections
Holdings
Withdrawn status Lost status Damaged status Not for loan Home library Current library Date acquired Total Checkouts Total Renewals Barcode Date last seen Date checked out Price effective from Koha item type Source of classification or shelving scheme Full call number
        Tribhuvan University Central Library Tribhuvan University Central Library 06/20/2010 15 5 126657 07/03/2025 05/26/2025 06/20/2010 General Collections    
        Tribhuvan University Central Library Tribhuvan University Central Library 07/09/2013 1 1 G2614 11/23/2016 08/29/2016 07/09/2013 General Collections Dewey Decimal Classification 530.12 Sch32a